When all the Bridges are Down (Record no. 611)

MARC details
000 -LEADER
fixed length control field 00305nam a2200109 4500
008 - FIXED-LENGTH DATA ELEMENTS--GENERAL INFORMATION
fixed length control field 160623b xxu||||| |||| 00| 0 eng d
100 ## - MAIN ENTRY--PERSONAL NAME
9 (RLIN) 760
Personal name Hollaway, I.N
245 ## - TITLE STATEMENT
Title When all the Bridges are Down
260 ## - PUBLICATION, DISTRIBUTION, ETC. (IMPRINT)
Place of publication, distribution, etc. Tennesse
Name of publisher, distributor, etc. Broadman Press
Date of publication, distribution, etc. 1975
300 ## - PHYSICAL DESCRIPTION
Extent When all the Bridges are Down
942 ## - ADDED ENTRY ELEMENTS (KOHA)
Source of classification or shelving scheme Dewey Decimal Classification
Koha item type BOOK
Holdings
Withdrawn status Lost status Source of classification or shelving scheme Damaged status Not for loan Home library Current library Shelving location Date acquired Total Checkouts Full call number Barcode Date last seen Price effective from Koha item type
    Dewey Decimal Classification     Good Samaritan School Library Good Samaritan School Library FICTION 06/23/2016   823 HOL1418 06/23/2016 06/23/2016 BOOK

Powered by Koha